| 000 | 00565nam a22001817a 4500 | ||
|---|---|---|---|
| 003 | NUST | ||
| 005 | 20260217164156.0 | ||
| 020 | _a9789699675300 | ||
| 038 | _aMalang jan | ||
| 082 |
_a327.54910581 _bBAQ 2022 |
||
| 100 | 1 |
_aBaqai,Huma _9133321 |
|
| 245 | 1 | 0 |
_aPakistan-Afghanistan Relations: _bPitfalls and the Way Forward/ _cHuma Baqai And Nausheen Wasi |
| 260 |
_aIslamabad: _bFriedrich-Ebert-Stiftung; _c2022. |
||
| 300 |
_a241p.; _c26 cm. |
||
| 650 |
_aForeign policy of Pakistan and Afghanistan _9133322 |
||
| 700 | 1 |
_aWasi,Nausheen _9133323 |
|
| 942 |
_2ddc _cBK |
||
| 999 |
_c616294 _d616294 |
||